000 00362nam a22001457a 4500
008 230317b ||||| |||| 00| 0 eng d
020 _a9780135001301
041 _aeng
080 _2FOURTH EDITION
_a338
082 _a338GOL
100 _a23
101 _aMANAG
245 _aRESOURCE MANAGEMENT FOR INDIVIDUALS AND FAMILIES
_cGOLDSMITH.B.E
942 _2udc
_cBK
999 _c59389
_d59389